| 000 -LEADER |
| fixed length control field |
01953nam a22001577a 4500 |
| 008 - FIXED-LENGTH DATA ELEMENTS--GENERAL INFORMATION |
| fixed length control field |
230314b ||||| |||| 00| 0 eng d |
| 100 ## - MAIN ENTRY--PERSONAL NAME |
| Personal name |
Wani, Kena |
| 245 ## - TITLE STATEMENT |
| Title |
Trustees of the nation: Business, philanthropy and changing modes of legitimacy in colonial and postcolonial western India |
| 260 ## - PUBLICATION, DISTRIBUTION, ETC. (IMPRINT) |
| Place of publication, distribution, etc |
The Indian Economic and Social History Review |
| 300 ## - PHYSICAL DESCRIPTION |
| Extent |
69(1), Jan-Mar, 2022: p.5-36 |
| 520 ## - SUMMARY, ETC. |
| Summary, etc |
This article presents a historical account of the public lives of philanthropic endeavours that involved business actors in western India, from the late nineteenth century till early decades of the post-independence period. Two cases—that of the traditionally maintained animal shelter-homes called ‘pinjrapoles’ and that of the Tilak Swaraj Fund Trust, founded to aid the nationalist movement in early twentieth century India—are analysed. The article scrutinises through the case of the pinjrapoles how traditionally practiced religious forms of charity came to obtain a wider purchase within the colonial order since the late nineteenth century as public-oriented philanthropic actions and institutions. In considering the history of the Swaraj Fund, the article traces how the politics of accountability interrupted philanthropic institutions and in turn the social standing of business patrons within the fold of Gandhian nationalism and its accompanying models of ‘trusteeship’. In studying these two cases, the article tries to understand how the relationship of western Indian business actors with colonial rule as well as the nationalist movement remained mediated by changing forms of philanthropic endeavours serving emerging modes of legitimacy and their accompanying mandates of publicity.- Reproduced |
| 650 ## - SUBJECT ADDED ENTRY--TOPICAL TERM |
| Topical term or geographic name as entry element |
Philanthropy, Business, Charity, Trusts, Trusteeship, Western India, Pinijraple. |
| 9 (RLIN) |
36895 |
| 773 ## - HOST ITEM ENTRY |
| Main entry heading |
The Indian Economic and Social History Review |
| 906 ## - LOCAL DATA ELEMENT F, LDF (RLIN) |
| Subject DIP |
PHILANTHROPY |
| 942 ## - ADDED ENTRY ELEMENTS (KOHA) |
| Item type |
Articles |